000 00399nam a22001697a 4500
005 20180226165940.0
008 160521b xxu||||| |||| 00| 0 eng d
020 _a81-7188-405-9
041 _aeng
082 _b4020
_a330.954
100 _aUMA KAPILA
_9998
245 _aIndian Economics
260 _aNew Delhi
_bAcademic Faundation
300 _a480
650 _aManagement
_9241
942 _cBK
999 _c1360
_d1360